Biblioteca

Spurgeon's sermons on great prayers of the bible / Charles Haddon Spurgeon (Registro nro. 43872)

Detalles MARC
000 -LÍDER
Campo fijo de descripción fija 014470000a22002290004500
020 ## - NÚMERO INTERNACIONAL NORMALIZADO PARA LIBROS
Número Internacional Normalizado del libro 0-8254-3691-5 : Donación
041 0# - CÓDIGO DE IDIOMA
Código de idioma para texto/pista de sonido o título separado
082 04 - NÚMERO DE CLASIFICACIÓN DECIMAL DEWEY
Número de clasificación G 248.32 S7723g
001 - NÚMERO DE CONTROL
Campo de control 17208
100 1# - ASIENTO PRINCIPAL--NOMBRE PERSONAL
Nombre personal Spurgeon, C. H. (Charles Haddon) (1834)
245 10 - TÍTULO
Título del Material Spurgeon's sermons on great prayers of the bible / Charles Haddon Spurgeon
260 ## - PUBLICACIÓN, DISTRIBUCIÓN, ETC. (PIE DE IMPRENTA)
Lugar de publicación, distribución, etc. Grand Rapids, Michigan: Kregel Publications
300 ## - DESCRIPCIÓN FÍSICA
Extensión 160 p.
336 ## - CONTENT TYPE
Content type term texto
Content type code txt
Source rdacontent
337 ## - MEDIA TYPE
Source rdamedia
Media type term sin mediación
Media type code n
338 ## - CARRIER TYPE
Source rdacarrier
Carrier type term volumen
Carrier type code nc
505 00 - NOTA DE CONTENIDO
Nota de contenido con formato preestablecido La meditación de Moisés (Ex. 32:14) -- la petición de Acsa (Jueces 1:12-15) -- la oración de Jabés (1 Crón. 4:10) -- los dos guardias: orando y vigilando (Neh. 4:9) -- la oración del joven (Sal. 90:14) -- la oración del estudiante (Sal. 119:27) -- Jesús intercediendo par los que transgrenden (Isa. 53:12) -- Daniel: un patrón para suplicantes (Dan. 9:19) -- ''Y no nos metas en tentación'' (Mat. 6:13) -- la oración más corta de Pedro (Mat. 14:30) -- las oraciones de preparación para Cristo (Luc. 3:21-22; 6:12-13; 9:28-29; Mat. 14:23-25; Juan 11:41-42; Luc. 22:31-32; 23:46) -- la oración del Redentor (Juan 17:24) -- la doxología primera de Juan (Apoc. 1:5-6)
650 14 - ASIENTO SECUNDARIO DE MATERIA - TERMINO TEMÁTICO
Término temático o nombre geográfico como elemento de entrada ORACION
942 ## - TIPO DE MATERIAL (KOHA)
Tipo de Item KOHA Libros General
Existencias
Estado de Material Estado de Perdido Estado de Dañado No para Préstamo Colección Tomo Biblioteca de Origen Biblioteca Permanente Fecha de Adquisición Total de Préstamos Signatura Topográfica Código de Barras Última vez visto Ejemplar/Existencia Fecha de Remplazo Tipo de Material
        Colección General   Biblioteca FUSBC Biblioteca FUSBC 13/07/2011   G 248.32 S7723g 17287 12/12/2019 1 26/01/2016 Libros General

Biblioteca FUSBC | Teléfono: (57+4) 349 88 10 Ext. 141| WhatsApp (+57) 3005338115 
E-mail: biblioteca@unisbc.edu.co | Calle 76 87-14 Robledo Palenque, Medellín, Colombia

Con tecnología Koha